Normal view MARC view
  • Yeoman, R. S.

Entry Personal Name

Number of records used in: 1

001 - CONTROL NUMBER

  • control field: 151138

003 - CONTROL NUMBER IDENTIFIER

  • control field: DLC

005 - DATE AND TIME OF LATEST TRANSACTION

  • control field: 20251211102154.0

008 - FIXED-LENGTH DATA ELEMENTS

  • fixed length control field: 950503n| acannaab| |a aaa c

010 ## - LIBRARY OF CONGRESS CONTROL NUMBER

  • LC control number: no 95022104

035 ## - SYSTEM CONTROL NUMBER

  • System control number: (OCoLC)oca03828480

040 ## - CATALOGING SOURCE

  • Original cataloging agency: MiDW
  • Transcribing agency: MiDW
  • Modifying agency: DLC

100 10 - HEADING--PERSONAL NAME

  • Personal name: Yeoman, R. S.
  • Fuller form of name: (Richard S.)

400 10 - SEE FROM TRACING--PERSONAL NAME

  • Control subfield: nna
  • Personal name: Yeoman, Richard S.

670 ## - SOURCE DATA FOUND

  • Source citation: His A catalog of modern world coins, 1970:
  • Information found: t.p. (R.S. Yeoman)

670 ## - SOURCE DATA FOUND

  • Source citation: A guide book of United States coins, 1990:
  • Information found: t.p. (R.S. Yeoman) p. facing t.p. (Richard S. Yeoman; 1904-1988; noted authority on American and world coin issues)

670 ## - SOURCE DATA FOUND

  • Source citation: LC in OCLC, 4/24/95
  • Information found: (hdg.: Yeoman, Richard S.;usage: R.S. Yeoman)

670 ## - SOURCE DATA FOUND

  • Source citation: ob
Devinim Yazılım Eğitim Danışmanlık tarafından Koha'nın orjinal sürümü uyarlanarak geliştirilip kurulmuştur.